00266nam a2200121Ia 45000030006000000080041000060400015000471000020000622450024000822600009001065460012001150050017001270STCL150530s9999 xx 000 0 und d aSTCLcSTCL aWodehouse, P.G. aLuck of the Bodkins c1942 aEnglish20220125171034.0